Catálogo
 En Linea

Guía de atención integral de salud ocupacional basada en la evidencia para hipoacusia neurosensorial inducida por ruido en el trabajo / (Registro nro. 47393)

Detalles MARC
000 -CABECERA
campo de control de longitud fija 00971nam a2200217 a 4500
003 - IDENTIFICADOR DEL NÚMERO DE CONTROL
campo de control OSt
005 - FECHA Y HORA DE LA ÚLTIMA TRANSACCIÓN
campo de control 20201002060813.0
008 - DATOS DE LONGITUD FIJA--INFORMACIÓN GENERAL
campo de control de longitud fija 181003s2007 000 spa d
020 ## - NÚMERO INTERNACIONAL ESTÁNDAR DEL LIBRO
Número Internacional Estándar del Libro 9789589806708
040 ## - FUENTE DE LA CATALOGACIÓN
Centro catalogador/agencia de origen DO-SdBNP
Lengua de catalogación spa
Centro/agencia transcriptor BNPHU
110 1# - ENTRADA PRINCIPAL--NOMBRE DE ENTIDAD CORPORATIVA
Nombre de entidad corporativa o nombre de jurisdicción como elemento de entrada Colombia.
Unidad subordinada Ministerio de la Protección Social
9 (RLIN) 76621
245 #0 - MENCIÓN DE TÍTULO
Título Guía de atención integral de salud ocupacional basada en la evidencia para hipoacusia neurosensorial inducida por ruido en el trabajo /
Mención de responsabilidad, etc. presentación Ana María Cabrera Videla.
260 ## - PUBLICACIÓN, DISTRIBUCIÓN, ETC.
Lugar de publicación, distribución, etc. Bogotá (Colombia) :
Nombre del editor, distribuidor, etc. Pontificia Universidad Javeriana,
Fecha de publicación, distribución, etc. 2007.
300 ## - DESCRIPCIÓN FÍSICA
Extensión 119 p. :
Otras características físicas il.
Dimensiones 27 cm.
490 1# - MENCIÓN DE SERIE
Mención de serie Guía de atención integral de salud ocupacional basada en la evidencia GATISO
Designación de volumen o secuencia 3
504 ## - NOTA DE BIBLIOGRAFÍA, ETC.
Nota de bibliografía, etc. Bibliografía : p. 101-104
700 1# - PUNTO DE ACCESO ADICIONAL--NOMBRE DE PERSONA
Nombre de persona Cabrera Videla, Ana María,
Término indicativo de función/relación presentación
9 (RLIN) 76609
830 #0 - PUNTO DE ACCESO ADICIONAL DE SERIE-TÍTULO UNIFORME
Título uniforme Guía de atención integral de salud ocupacional basada en la evidencia GATISO ; 3
9 (RLIN) 76622
942 ## - ELEMENTOS DE PUNTO DE ACCESO ADICIONAL (KOHA)
Fuente del sistema de clasificación o colocación Dewey Decimal Classification
Tipo de ítem Koha Libros y folletos
956 ## - LOCALIZACIÓN Y ACCESO ELECTRÓNICOS LOCAL (OCLC)
Nombre del host LOPEREZ
Existencias
Estado de retiro Estado de pérdida Fuente del sistema de clasificación o colocación No para préstamo Localización permanente Ubicación/localización actual Ubicación en estantería Fecha de adquisición Fuente de adquisición Total de préstamos Fecha visto por última vez Precio válido a partir de Tipo de ítem Koha
    Dewey Decimal Classification   Biblioteca Nacional Pedro Henríquez Ureña Biblioteca Nacional Pedro Henríquez Ureña En catalogación 10.09.2020 CNSS   10.09.2020 10.09.2020 Libros y folletos

Con tecnología Koha